000 00682cab a2200241 4500
001 WB3421-17
008 090401t1998 xxu||||| |||| 00| 0 eng d
035 _a(Sirsi) u86590
041 _aeng
245 _aPlants to tackle N-waste
260 _c1998
350 _a0
490 _aContract Journal
_v394(6178) 3 June 1998, 6(1)
520 _aNuclear scientists have begun trials which use plants to help clear up radioactive contaminated land.
650 _aCONTAMINATED LAND
650 _aPLANTS
650 _aRADIATION
650 _aSOIL CONTAMINATION
650 _aTECHNOLOGY
690 _aENVIRONMENTAL AND LAND CONSULTANCY
942 _n0
948 _c04/06/1998
999 _c54517
_d54517